00525nam a2200217Ia 4500008004000000020001500040041000800055082001500063100002300078245006000101260004600161300001200207650001500219650000700234650001000241650001200251650001400263650001100277650000700288650001200295210210b2009 xxu||||| |||| 00| 0 eng d a0198063121 aeng a954.8 KARA aKARASHIMA (NOBORU) aAncient to medieval: south Indian society in transition aNew DelhibOxford University Pressc2009 axix,301 atransition ato asouth asociety amedieval: aIndian ain aAncient